000 00897nam a2200265Ia 4500
003 OSt
005 20220930092201.0
006 a|||||r|||| 00| 0
007 ta
008 220926b |||||||| |||| 00| 0 eng d
024 _a12503
037 _cTheses
040 _aCRL
_cCRL
_beng
041 _2eng
_aeng
100 _aJaskanawar Singh Au.
_9548087
110 _aUniversity of Delhi. Faculty of Medical Science. Department of Medicine
245 0 _aStudy of correlation of ECG changes in ST elevation myocardial infarction with culprit vessel localisation on coronary angiography
260 _c2014
300 _a101p.
_ap.
_ccm.
650 _aMEDICINE
700 _a Bharadwaj Prashant Gu.
_9548088
700 _aUniversity of Delhi. Faculty of Medical Science. Department of Medicine
942 _cDIS
_2CC
999 _c883365
_d883365